| 000 | 00752cam a2200205 i 4500 | ||
|---|---|---|---|
| 005 | 20251214083458.0 | ||
| 008 | 250721s2003 jo gr 000 0 ara d | ||
| 020 | _a9957340069 | ||
| 082 | 1 | 4 |
_a216.4 _bر ح ا |
| 100 | 1 |
_aرحال، علاء الدين _eمؤلف. |
|
| 245 | 1 | 2 |
_aالواضح في الميراث / _cد. علاء الدين رحال، د. عبد الناصر ابو البصل. |
| 264 | 3 | 1 |
_aعمان : _bدار الجوهرة للنشرة والتوزيع، _c2003. |
| 300 | _a213 صفحة. | ||
| 650 | 1 | 7 | _aالميراث. |
| 650 | 1 | 7 | _aالملكية الشخصية. |
| 650 | 1 | 7 | _aأصحاب الفرائض. |
| 700 | 1 |
_aابو البصل، عبد الناصر _eمؤلف. |
|
| 942 |
_2ddc _cBK |
||
| 999 |
_c94474 _d94474 |
||